[Event "Zlin Region-chT 2223"]
[Site "Czech Republic"]
[Date "2023.02.12"]
[Round "8.6"]
[White "Krizak, Eduard"]
[Black "Cerny, Michal"]
[Result "0-1"]
[WhiteElo "1735"]
[BlackElo "1721"]
[PlyCount "71"]
[EventDate "2022.10.09"]
[EventType "team-tourn"]
[EventRounds "11"]
[EventCountry "CZE"]
[SourceTitle "EXT 2024"]
[Source "ChessBase"]
[SourceDate "2023.10.10"]
[SourceVersion "1"]
[SourceVersionDate "2023.10.10"]
[SourceQuality "1"]
[WhiteTeam "Valasske Mezirici"]
[BlackTeam "Zlin II"]
[WhiteTeamCountry "CZE"]
[BlackTeamCountry "CZE"]

1. e4 c5 2. Nc3 Nc6 3. g3 e6 4. Bg2 Nf6 5. f4 d5 6. e5 Nd7 7. Nf3 a6 8. a4 Rb8 9. d3 b5 10. axb5 axb5 11. Bd2 b4 12. Ne2 Nb6 13. b3 Qc7 14. Be3 Be7 15. 0-0 Bd7 16. Qe1 0-0 17. Qf2 Na7 18. Ra2 Nb5 19. Rfa1 Ra8 20. Qe1 Bc6 21. Rxa8 Bxa8 22. Ra5 Na3 23. Qc1 Nd7 24. Rxa3 bxa3 25. Qxa3 Bb7 26. Qb2 Ra8 27. c4 d4 28. Bd2 Qb6 29. Ne1 Nb8 30. Nc2 Bxg2 31. Kxg2 Nc6 32. Na3 Qa6 33. Bc1 Nb4 34. Qb1 Qc6+ 35. Kf2 Qh1 36. Ng1 0-1

[Event "Zlin Region-chT 2223"]
[Site "Czech Republic"]
[Date "2022.10.09"]
[Round "1.8"]
[White "Krizak, Eduard"]
[Black "Navratil, Marek"]
[Result "0-1"]
[WhiteElo "1713"]
[BlackElo "1849"]
[PlyCount "96"]
[EventDate "2022.10.09"]
[EventType "team-tourn"]
[EventRounds "11"]
[EventCountry "CZE"]
[SourceTitle "EXT 2024"]
[Source "ChessBase"]
[SourceDate "2023.10.10"]
[SourceVersion "1"]
[SourceVersionDate "2023.10.10"]
[SourceQuality "1"]
[WhiteTeam "Valasske Mezirici"]
[BlackTeam "Kromeriz Slavia III"]
[WhiteTeamCountry "CZE"]
[BlackTeamCountry "CZE"]

1. e4 e5 2. Nc3 Bc5 3. Bc4 Nf6 4. Nf3 d6 5. 0-0 Be6 6. Bxe6 fxe6 7. d4 exd4 8. Nxd4 Qd7 9. Nb3 Bb6 10. Bg5 0-0 11. Qe2 Nc6 12. Rad1 Rf7 13. Bh4 a6 14. Bg3 e5 15. Bh4 Raf8 16. h3 Ne7 17. Kh1 Ng6 18. Bg3 Nf4 19. Bxf4 exf4 20. e5 f3 21. Qxf3 Ne8 22. Qd5 c6 23. e6 cxd5 24. exd7 Rxd7 25. f3 Nf6 26. Nxd5 Nxd5 27. Rxd5 Re8 28. Rfd1 Re2 29. R5d2 Re8 30. c4 Rde7 31. Kh2 Be3 32. Rc2 Bf4+ 33. Kg1 Bg3 34. Rcc1 Re2 35. Nd2 Bf4 36. Rc2 Be3+ 37. Kh1 Bf4 38. Kg1 Be3+ 39. Kh1 Rf2 40. Re1 Kf7 41. Nf1 Rxc2 42. Rxe3 Rxb2 43. Rb3 Ree2 44. Rxb2 Rxb2 45. Ne3 Rxa2 46. Kg1 Ke6 47. h4 b5 48. cxb5 axb5 0-1